Curso completo de geografía universal antigua y moderna / (Record no. 157639)

MARC details
000 -LEADER
campo de control de longitud fija 00944nam a22002175i 4500
001 - NÚMERO DE CONTROL
campo de control 157639
003 - IDENTIFICADOR DE NÚMERO DE CONTROL
campo de control ES-MaACL
005 - FECHA Y HORA DE LA ÚLTIMA TRANSACCIÓN
campo de control 20250815062539.0
008 - DATOS DE LONGITUD FIJA--INFORMACIÓN GENERAL
campo de control de longitud fija 040902s1853 sp |||| | spa d
040 ## - FUENTE DE CATALOGACIÓN
Centro catalogador/agencia de origen CAM
Lengua de catalogación spa
Centro/agencia transcriptor CAM
100 1# - ENTRADA PRINCIPAL--NOMBRE DE PERSONA
Nombre de persona Letronne, Antoine Jean.
9 (RLIN) 128913
245 10 - MENCIÓN DEL TÍTULO
Título Curso completo de geografía universal antigua y moderna /
Mención de responsabilidad, etc. por A. Letronne; traducida al español por J.F. Carbó.
250 ## - MENCION DE EDICION
Mención de edición 2ª ed. corr. y aum.
Resto de la mención de edición con unos principios de geometría por José Bonet.
260 ## - PUBLICACIÓN, DISTRIBUCIÓN, ETC.
Lugar de publicación, distribución, etc. Barcelona :
Nombre del editor, distribuidor, etc. Véndese en la librería de a Sra. Viuda Sierra é Hijo, plaza de la constitución,
Fecha de publicación, distribución, etc. 1853 (
Fabricante Imprenta de la Viuda Torner)
300 ## - DESCRIPCIÓN FÍSICA
Extensión XII, 215 p., [2] h. de map. pleg. ;
Dimensiones 16 cm.
650 07 - PUNTO DE ACCESO ADICIONAL DE MATERIA--TÉRMINO DE MATERIA
Término de materia o nombre geográfico como elemento de entrada Geografía
Fuente del encabezamiento o término embne
9 (RLIN) 13070
700 11 - ENTRADA AGREGADA--NOMBRE PERSONAL
Nombre de persona Bonet, José,
Término indicativo de función/relación
9 (RLIN) 30120
700 11 - ENTRADA AGREGADA--NOMBRE PERSONAL
Nombre de persona Carbó, J.F.,
Término indicativo de función/relación
9 (RLIN) 126328
852 ## - LOCALIZACIÓN
Ubicación ES-MaACL
Número de control de estantería D-471
Nota libre -- Enc. piel roja grabada, con hierros dorados
Holdings
Estatus retirado Estado de pérdida Estado de daño No para préstamo Colección Biblioteca de origen Biblioteca actual Ubicación en estantería Fecha de adquisición Fuente de adquisición Total de préstamos Signatura topográfica completa Código de barras Visto por última vez Precio de reemplazo Tipo de ítem Koha
        Libros del s. XIX Biblioteca del Ateneo de Madrid Biblioteca del Ateneo de Madrid Sala Valle Inclán 17/01/2008     D-471 901164964 23/02/2023 23/02/2023 Libro impreso antiguo